Statistics for South Africa First Level Subdivisions

Click here to take the quiz!

General Stats

  • This quiz has been taken 77 times
  • The average score is 6 of 9

Answer Stats

Provinces% Correct
Eastern Cape
89%
Western Cape
89%
Northern Cape
76%
KwaZulu-Natal
70%
Free State
68%
Gauteng
68%
Limpopo
65%
North West
54%
Mpumalanga
43%

Score Distribution

Percentile by Number Answered

Percent of People with Each Score

Your Score History

You have not taken this quiz